000 01157nam0a22003131 4500
001 rc\837659
005 20250622011823.0
035 _a(NLR Aleph) 006019346
090 _a7411413
_c7411413
100 _a20041129d1983 |||y0rusy50 ca
101 0 _arus
102 _aRU
105 _ay |||||||||
200 1 _aЗа журавлем
_eСтихи
_fОлек Максимов
210 _aКишинев
_cЛит. артистикэ
_d1983
215 _a107 с.
_d14
225 1 _aДебют
327 0 _aЦиклы: Заречье; Отметины; Слова о тебе; Ожидание друга; Зимний сенокос
464 0 _12001#$aЗаречье
_tЗаречье
464 0 _12001#$aОтметины
_tОтметины
464 0 _12001#$aСлова о тебе
_tСлова о тебе
464 0 _12001#$aОжидание друга
_tОжидание друга
464 0 _12001#$aЗимний сенокос
_tЗимний сенокос
700 1 _aМаксимов
_bО.Е.
_gОлег Ефимович
801 0 _aRU
_bNLR
_gpsbo
801 1 _aRU
_bELAR
_2rusmarc
852 _aNLR
_j83-1/296
942 _cBOOK
980 _aNB